Climate change 1992 : the supplementary report to the IPCC scientific assessment
Αποθηκεύτηκε σε:
| Συγγραφή απο Οργανισμό/Αρχή: | |
|---|---|
| Άλλοι συγγραφείς: | , , |
| Μορφή: | Βιβλίο |
| Γλώσσα: | English |
| Δημοσίευση: |
Cambridge :
Cambridge University Press,
1992
|
| Θέματα: | |
| Ετικέτες: |
Προσθήκη ετικέτας
Δεν υπάρχουν, Καταχωρήστε ετικέτα πρώτοι!
|
MARC
| LEADER | 00000cam a2200000 i 4500 | ||
|---|---|---|---|
| 001 | 1/104678 | ||
| 008 | 000316s1992 eng d | ||
| 020 | |a 0521438292 (pbk) | ||
| 035 | |l 10058929 | ||
| 040 | |a GR-MY-UA |b gre |e aacr | ||
| 041 | 0 | |a eng | |
| 082 | 0 | |a 551.6 | |
| 245 | 0 | 0 | |a Climate change 1992 : |b the supplementary report to the IPCC scientific assessment / |c edited by J.T. Houghton, B.A. Callander and S.K. Varney |
| 246 | 3 | 3 | |a Climate change : the IPCC scientific assessment |
| 260 | |a Cambridge : |b Cambridge University Press, |c 1992 | ||
| 300 | |a xii, 200 p.; |b ill., maps, fig.; |c 30 cm. | ||
| 500 | |a "Published for the Intergovernmental Panel on Climate Change" | ||
| 504 | |a Includes bibliographical references | ||
| 650 | 0 | 0 | |a Climatic changes. |
| 650 | 0 | 0 | |a Greenhouse effect, Atmospheric. |
| 650 | 0 | 0 | |a Greenhouse gases |x Environmental aspects. |
| 700 | 1 | |a Callander, B. A. |4 edt | |
| 700 | 1 | |a Varney, S. K. |4 edt | |
| 700 | 1 | |4 edt |a Houghton, J. T. |q (John Theodore), |d 1931-2020. | |
| 710 | 2 | |a Intergovernmental Panel on Climate Change. | |
| 852 | |a INST |b LESVOS |e 20000316 |h 551.6 CLI |p 005100023412 |q 005100023412 |t BK |y 0 | ||
| 901 | |a BIBL1-2000-2 | ||
| 922 | |a 1ΕΛΗ |b 199911 |c ΚΠΣ/ΤΓ |d LEADER | ||
| 950 | |a 118-1999-09-03 | ||
| 970 | |z 2000/05/ΜΙΧΑΗΛΙΔΟΥ ΑΝΝΑ | ||